Normal view
MARC view
- القضية الفلسطينية- اسرائيل- سياسة وحكومة
Entry Topical Term
001 - CONTROL NUMBER
- control field: 39814
003 - CONTROL NUMBER IDENTIFIER
- control field: JO-AjAnu
005 - DATE AND TIME OF LATEST TRANSACTION
- control field: 20230606080622.0
008 - FIXED-LENGTH DATA ELEMENTS
- fixed length control field: 230606|| aca||aabn | a|a d
040 ## - CATALOGING SOURCE
- Original cataloging agency: JO-AjAnu
- Transcribing agency: JO-AjAnu
150 ## - HEADING--TOPICAL TERM
- Topical term or geographic name entry element: القضية الفلسطينية- اسرائيل- سياسة وحكومة
670 ## - SOURCE DATA FOUND
- Source citation: Work cat.: (JO-AjAnu)20414: بقلم سارندرز، هارولد ه.؛ ترجمة عبد الفتاح، حسين, author 39813, الجدران الاخرى : سياسة عملية السلام العربي- الاسرائيلي